[Event "FRA-chT2"]
[Site "France"]
[Date "2001.11.17"]
[Round "2"]
[White "Castaignet, Laurent"]
[Black "Mascla, Jean"]
[Result "1/2-1/2"]
[WhiteElo "2193"]
[BlackElo "2232"]
[PlyCount "62"]
[EventDate "2002.??.??"]
[EventType "team"]
[EventRounds "11"]
[EventCountry "FRA"]
[SourceTitle "EXT 2003"]
[Source "ChessBase"]
[SourceDate "2002.11.25"]
[SourceVersion "1"]
[SourceVersionDate "2002.11.25"]
[SourceQuality "1"]

1. e4 e6 2. d4 d5 3. e5 c5 4. c3 Nc6 5. Nf3 Qb6 6. a3 c4 7. Nbd2 Bd7 8. Be2 Na5 9. 0-0 Ne7 10. Rb1 h6 11. Re1 0-0-0 12. Nf1 Ng6 13. Qc2 Nb3 14. Be3 Ba4 15. Bd1 Be7 16. Qe2 f5 17. exf6 gxf6 18. N3d2 Rdg8 19. Nxb3 Bxb3 20. Nd2 Ba2 21. Ra1 Qxb2 22. Ba4 f5 23. Nf3 Qxe2 24. Rxe2 Bb3 25. Bxb3 cxb3 26. Rb2 Nh4 27. Nxh4 Bxh4 28. Bf4 Bf6 29. Rxb3 Rg4 30. g3 h5 31. Rab1 Rg7 1/2-1/2